000 00818nam a22002057a 4500
999 _c18418
_d18418
003 AR-CdUCM
008 190226b ||||| |||| 00| 0 spa d
040 _aMUNICIPALIDAD PROVINCIAL DEL CUSCO
_cBIBLIOTECA MUNICIPAL DEL CUSCO
082 _a869.56 /
_bT18
_24ed.
100 _aTamayo Vargas, Augusto
_91952
245 _aLiteratura peruana /
260 _aLima :
_bEditorial Studium S. A.
_c1976.
300 _a510 páginas ;
_c22 cm.
505 _aContenido : t.1: Cultura precolombina y literatura quechua -- La cultura precolombina -- Manifestaciones literarias -- Literatura épica -- t.2: Costumbrismo y romanticismo -- Realismo y modernismo -- El postmodernismo...
650 _aLiteratura.
_983
650 _aColonia.
_91685
650 _aModernismo.
_9519
942 _2ddc
_cLIBROS
945 _arah
_d2019-05-14